[Event "SUI-chT"]
[Site "Switzerland"]
[Date "2006.04.30"]
[Round "3.6"]
[White "Flueckiger, Christian"]
[Black "Schmid, Michael"]
[Result "1-0"]
[WhiteElo "2318"]
[BlackElo "2180"]
[PlyCount "105"]
[EventDate "2006.02.26"]
[EventType "team-tourn"]
[EventRounds "9"]
[EventCountry "SUI"]
[SourceTitle "EXT 2007"]
[Source "ChessBase"]
[SourceDate "2006.11.23"]
[SourceVersion "1"]
[SourceVersionDate "2006.11.23"]
[SourceQuality "1"]
[WhiteTeam "Riehen"]
[BlackTeam "Bodan"]
[WhiteTeamCountry "SUI"]
[BlackTeamCountry "SUI"]

1. e4 e6 2. d3 d5 3. Nd2 Nf6 4. Ngf3 dxe4 5. dxe4 Bc5 6. Be2 Nbd7 7. e5 Ng4 8. Ne4 Be7 9. Bf4 Nc5 10. Qxd8+ Kxd8 11. Nc3 a5 12. h3 Nh6 13. g4 c6 14. Nd4 Kc7 15. 0-0-0 Rd8 16. g5 Ng8 17. h4 Bd7 18. Nf5 exf5 19. e6+ Kc8 20. exf7 Be6 21. Rxd8+ Kxd8 22. Rd1+ Kc8 23. fxg8Q+ Bxg8 24. a4 Be6 25. Bf3 Bf7 26. b3 g6 27. Ne2 Ne6 28. Be5 Bc5 29. Bg3 Ba3+ 30. Kb1 Bc5 31. Rd2 Bb4 32. c3 Bc5 33. Kc2 Be7 34. Be5 Bc5 35. Nc1 Be7 36. Nd3 Be8 37. Nb2 Bd8 38. Nc4 Bc7 39. Bd6 Bd7 40. Bxc7 Kxc7 41. Rxd7+ Kxd7 42. Nb6+ Kd6 43. Nxa8 Kc5 44. Kb2 b5 45. Ka3 b4+ 46. cxb4+ axb4+ 47. Kb2 Nd4 48. Bd1 Ne6 49. Kc2 Nd4+ 50. Kd2 Ne6 51. Ke3 Ng7 52. Kf4 Kd4 53. Nc7 1-0

[Event "SUI-chT"]
[Site "Switzerland"]
[Date "2006.03.26"]
[Round "2.6"]
[White "Schmid, Michael"]
[Black "Kaenel, Hansjuerg"]
[Result "1/2-1/2"]
[WhiteElo "2180"]
[BlackElo "2397"]
[PlyCount "67"]
[EventDate "2006.02.26"]
[EventType "team-tourn"]
[EventRounds "9"]
[EventCountry "SUI"]
[SourceTitle "CBM 111 Extra"]
[Source "ChessBase"]
[SourceDate "2006.05.09"]
[SourceVersion "1"]
[SourceVersionDate "2006.05.09"]
[SourceQuality "1"]
[WhiteTeam "Bodan"]
[BlackTeam "Reichenstein"]
[WhiteTeamCountry "SUI"]
[BlackTeamCountry "SUI"]

1. Nf3 c5 2. g3 b5 3. Bg2 Bb7 4. d3 Nf6 5. 0-0 e6 6. e4 d6 7. Nbd2 Nbd7 8. a4 a6 9. Qe2 Be7 10. Nh4 0-0 11. f4 Qb6 12. a5 Qc7 13. c3 Nb8 14. g4 Nc6 15. g5 Nd7 16. Qg4 Nxa5 17. f5 Ne5 18. Qg3 Nac6 19. f6 Bd8 20. Nb3 c4 21. dxc4 bxc4 22. Nd4 Nxd4 23. cxd4 Ng6 24. Bd2 a5 25. Bc3 Qb6 26. Kh1 Bc7 27. fxg7 Kxg7 28. d5+ e5 29. Nf5+ Kh8 30. Qh3 f6 31. Qh6 Rf7 32. gxf6 Bd8 33. Rf3 Bxf6 34. Raf1 1/2-1/2

[Event "SUI-chT"]
[Site "Switzerland"]
[Date "2006.02.26"]
[Round "1.4"]
[White "Loetscher, Roland"]
[Black "Schmid, Michael"]
[Result "1-0"]
[WhiteElo "2332"]
[BlackElo "2180"]
[PlyCount "158"]
[EventDate "2006.02.26"]
[EventType "team-tourn"]
[EventRounds "9"]
[EventCountry "SUI"]
[SourceTitle "CBM 111 Extra"]
[Source "ChessBase"]
[SourceDate "2006.05.09"]
[SourceVersion "1"]
[SourceVersionDate "2006.05.09"]
[SourceQuality "1"]
[WhiteTeam "Luzern"]
[BlackTeam "Bodan"]
[WhiteTeamCountry "SUI"]
[BlackTeamCountry "SUI"]

1. d4 Nf6 2. c4 g6 3. Nc3 Bg7 4. e4 d6 5. Nf3 0-0 6. Be2 Nbd7 7. 0-0 e5 8. Re1 c6 9. Bf1 Nh5 10. Bg5 f6 11. Be3 Qe7 12. b4 a5 13. b5 h6 14. Rc1 Kh7 15. bxc6 bxc6 16. c5 dxc5 17. dxe5 fxe5 18. Na4 Qf6 19. Nd2 Rd8 20. Qc2 Bf8 21. Nb3 Nf4 22. Nbxc5 Nxc5 23. Nxc5 Rd6 24. Red1 g5 25. Rxd6 Bxd6 26. Na4 Bb4 27. Qxc6 Qxc6 28. Rxc6 Rb8 29. Nb6 Bg4 30. f3 Bh5 31. g3 Bxf3 32. gxf4 gxf4 33. Rc7+ Kh8 34. Nd7 Rg8+ 35. Kf2 Bxe4 36. Bc5 Bxc5+ 37. Rxc5 Bb1 38. Rxe5 Bxa2 39. Rxa5 Be6 40. Nf6 Rf8 41. Ne4 Bf5 42. Nc3 Kg7 43. Rc5 Be6 44. Bc4 Bg4 45. Be2 Be6 46. Kf3 Rc8 47. Rxc8 Bxc8 48. Kxf4 Kf6 49. Ne4+ Kg7 50. Nc5 Bh3 51. Bg4 Bf1 52. Kf5 Bc4 53. Bh5 Ba2 54. Na6 Bc4 55. Nc7 Bd3+ 56. Ke5 Bc4 57. Ne8+ Kh7 58. Kf6 Bd3 59. Nd6 Bc2 60. Nf7 Be4 61. Ne5 Bd5 62. Bg6+ Kh8 63. Ng4 h5 64. Bxh5 Bf3 65. h3 Bg2 66. Nf2 Kh7 67. Bg6+ Kh8 68. Bf5 Bf3 69. Ng4 Bg2 70. Ne5 Bf1 71. h4 Bg2 72. Kg6 Bd5 73. Kh6 Kg8 74. Bd3 Kf8 75. Bc4 Be4 76. h5 Bc2 77. Ng6+ Ke8 78. Kg7 Bd1 79. h6 Bc2 1-0

[Event "Oberliga Baden 0506"]
[Site "Germany"]
[Date "2006.01.29"]
[Round "6.3"]
[White "Pitic, Jasmin"]
[Black "Schmid, Michael"]
[Result "1-0"]
[WhiteElo "2203"]
[BlackElo "2179"]
[PlyCount "69"]
[EventDate "2005.10.23"]
[EventType "team-tourn"]
[EventRounds "9"]
[EventCountry "GER"]
[SourceTitle "EXT 2007"]
[Source "ChessBase"]
[SourceDate "2006.11.23"]
[SourceVersion "1"]
[SourceVersionDate "2006.11.23"]
[SourceQuality "1"]
[WhiteTeam "Lampertheim"]
[BlackTeam "Konstanz"]
[WhiteTeamCountry "GER"]
[BlackTeamCountry "GER"]

1. d4 Nf6 2. Nf3 g6 3. c4 Bg7 4. Nc3 d6 5. e4 0-0 6. Be2 Nbd7 7. 0-0 e5 8. Re1 c6 9. Bf1 h6 10. d5 c5 11. a3 Nh5 12. Be3 b6 13. Rc1 Qe8 14. b4 a6 15. Nd2 f5 16. f3 f4 17. Bf2 g5 18. Na4 Qg6 19. Rb1 Nhf6 20. Be2 h5 21. Nxb6 Nxb6 22. bxc5 Nbd7 23. cxd6 g4 24. c5 Qg5 25. Rb3 g3 26. hxg3 fxg3 27. Be3 Qh4 28. Nf1 Ng4 29. fxg4 Nxc5 30. Bxc5 Rxf1+ 31. Kxf1 Qh1+ 32. Bg1 h4 33. Bf3 Bxg4 34. Bxg4 Rf8+ 35. Rf3 1-0

[Event "Oberliga Baden 0506"]
[Site "Germany"]
[Date "2006.01.15"]
[Round "5.1"]
[White "Schmid, Michael"]
[Black "Keitlinghaus, Ludger"]
[Result "0-1"]
[WhiteElo "2179"]
[BlackElo "2494"]
[PlyCount "128"]
[EventDate "2005.10.23"]
[EventType "team-tourn"]
[EventRounds "9"]
[EventCountry "GER"]
[SourceTitle "EXT 2007"]
[Source "ChessBase"]
[SourceDate "2006.11.23"]
[SourceVersion "1"]
[SourceVersionDate "2006.11.23"]
[SourceQuality "1"]
[WhiteTeam "Konstanz"]
[BlackTeam "Kuppenheim"]
[WhiteTeamCountry "GER"]
[BlackTeamCountry "GER"]

1. Nf3 d5 2. g3 c6 3. Bg2 Bf5 4. d3 e6 5. Nbd2 Nf6 6. 0-0 h6 7. Qe1 Bh7 8. e4 Be7 9. Qe2 a5 10. e5 Nfd7 11. Ne1 0-0 12. f4 c5 13. Nef3 Nc6 14. Rd1 c4 15. Nf1 cxd3 16. cxd3 Qb6+ 17. Be3 Qa6 18. g4 Nb4 19. Ne1 Nc5 20. Bxc5 Bxc5+ 21. Kh1 Nc6 22. Nf3 Nd4 23. Nxd4 Bxd4 24. Ng3 Rac8 25. Rd2 Qb6 26. Rf1 Be3 27. Rdd1 Qd4 28. Qf3 Rc2 29. f5 Rf2 30. Rxf2 Bxf2 31. Rf1 Bxg3 32. Qxg3 Re8 33. f6 Qxd3 34. Qf4 g5 35. Qf2 Rc8 36. Qf3 Qxf3 37. Bxf3 Rc2 38. a3 Rxb2 39. Rc1 Rb1 40. Rxb1 Bxb1 41. Kg1 Kf8 42. Kf2 Ke8 43. Ke3 Kd7 44. Be2 Kc6 45. Kd4 b5 46. Bd1 Be4 47. Be2 Kb6 48. Bd1 Bb1 49. Bb3 Kc6 50. Bd1 Be4 51. Be2 Bc2 52. Kc3 Ba4 53. Kd4 b4 54. axb4 axb4 55. Bd3 b3 56. Bb1 b2 57. Bd3 Bd1 58. Kc3 Bxg4 59. Kxb2 Bh5 60. Kc3 Kc5 61. Bf1 Bg6 62. Bg2 Be4 63. Bh3 d4+ 64. Kd2 Kd5 0-1